000
00330nam a22001217a 4500
999
_c
29
_d
29
005
20200811152939.0
008
200805b ||||| |||| 00| 0 eng d
020
_a
9982300016
040
_c
CML
245
_a
The Press In Zambia.
_c
Kasoma, F.P
260
_a
Zambia
_b
Richard Hall
_c
1986
942
_2
ddc
_c
BK
_e
1
_h
070
_k
KAS